02225nam a22002777a 450000500170000000800410001702000180005804000180007604100080009408200200010210000300012224500900015225000120024226000660025430000310032050009600035165000440131165000520135565000390140770000420144670000350148894200290152399900190155295201880157195201880175920250407142551.0250407b |||||||| |||| 00| 0 eng d a9789354600777 cAIMIT LIBRARY aeng a658.4 29bMCSS aMcshane, Steven L.916992 aOrganizational behavior /cBySteven L Mc Shane, Mary Ann Von Glinow and Himanshu Rai. a9th ed. aNew Delhi :bTata McGraw Hill Publishing Company Ltd ,c2020. axxiii, 591p ;c27.5cm.bPB aThis edition of Organizational Behavior reflects the latest trends in the subject area. The title offers comprehensive discussion on all major areas of organizational behavior. This edition has several new topics, sections and cases. Existing chapters are modified with India-specific data, examples and exhibits to provide local context. This book is helpful for all readers and will be especially relevant and insightful for students of business management and other allied courses. Salient Features: 1. Revised and updated chapters on Personality and Values, Employee Motivation, Communicating in Teams and Organizations, and Conflict and Negotiation 2. Thoroughly researched content, in-text examples, captioned photos and features along with real-world examples 3. New interactive case studies, exhibits, debating boxes and self-assessment tests 4. Includes various new and adapted examples, case studies, exercises etc. to provide Indian context aInividual behavior and processes916993 aPerception and learning in organizations916994 aMotivation in the workplace916995 aGlinow, Mary Ann Von.916996eAuthor. aRai, Himanshu.916997eAuthor. 2ddccBKe9thk658.4 MCSS c234105d234105 00102ddc40708MBAaAIMITbAIMITcOBd2025-03-11eBiblios Book Pointg999.00iBill no:7466; Bill dt:2026-03-11l0o658.4 MCSSpMBA14969r2026-05-23 00:00:00v779.22w2025-04-07yBK 00102ddc40708MBAaAIMITbAIMITcOBd2025-03-11eBiblios Book Pointg999.00iBill no:7466; Bill dt:2026-03-11l0o658.4 MCSSpMBA14970r2026-05-23 00:00:00v779.22w2025-04-07yBK